00321nam a2200121Ia 4500008004100000041000800041082001400049100002200063245004000085260003900125300002300164365001200187240624s9999 xx 000 0 und d aeng a519.5 CAR aCARMINES EDWARD G aRELIABILITY AND VALIDITY ASSESSMENT c1979aNew DelhibSage Publications a71 : p. : cm. ; 21 cBPSb30